banner-ar

الاعاقات الذهنية فى مرحلة الطفولة : (Record no. 41236)

MARC details
000 -الفاتح
حقل البيانات ثابتة الطول 00875nam a2200205Ia 4500
008 - عناصر البيانات ثابتة الطول - معلومات عامة
حقل البيانات ثابتة الطول 140319s9999 xx 000 0 ara d
040 ## - مصدر الفهرسة
وكالة الفهرسة الأصلية GCL /
وكالة النسخ GCL
082 04 - رقم تصنيف ديوى العشرى
رقم التصنيف ط
رقم المادة 362.3
-- ع ا
100 1# - المدخل الرئيسى - إسم شخصى
الإسم الشخصى عثمان لبيب فراج (مترجم)
245 10 - بيان العنوان
العنوان الاعاقات الذهنية فى مرحلة الطفولة :
بقية العنوان تعريفها - تصنيفها - اعراضها - تشخيصها - اسبابها - التدخل العلاجى /
بيان المسئوليه,etc عثمان لبيب فراج (مترجم)
250 ## - بيان الطبعة
بيان الطبعة الاولى
260 ## - PUBLICATION, DISTRIBUTION, ETC. (IMPRINT)
تاريخ النشر أو التوزيع 2002
300 ## - الوصف المادى
التعداد 306 ص ؛
أبعاد الوعاء 30 سم
650 04 - المدخل الاضافى بالموضوع-مصطلح موضوعى
مصطلح موضوعي ضعاف العقول
650 04 - المدخل الاضافى بالموضوع-مصطلح موضوعى
مصطلح موضوعي المعوقون - رعاية وعلاج
650 04 - المدخل الاضافى بالموضوع-مصطلح موضوعى
مصطلح موضوعي الاطفال المعوقون
650 04 - المدخل الاضافى بالموضوع-مصطلح موضوعى
مصطلح موضوعي التخلف العقلى - تشخيص
942 ## - عناصر المدخل الإضافي( كوها)
مصدر التصنيف او مخطط الترفيف Dewey Decimal Classification
Koha [default] item type كتاب
260 ## - PUBLICATION, DISTRIBUTION, ETC. (IMPRINT)
-- القاهرة :
-- المجلس العربى للطفولة والتنمية ،
Holdings
حالة التراجع حالة الفقد حالة تلف ليس للاعارة المكان المؤقت الموقع الحالى تاريخ الاكتساب اجمالي اﻻعارات رقم الطلب الباركود تاريخ اخر مشاهدة تاريخ تفعيل السعر نوع وعاء كوها
        مكتبة القاهرة الكبرى مكتبة القاهرة الكبرى 03/26/2014   ط\362.3\ ع ا 99339 03/26/2014 03/26/2014 كتاب
        مكتبة القاهرة الكبرى مكتبة القاهرة الكبرى 03/26/2014   ط\362.3\ ع ا 99340 03/26/2014 03/26/2014 كتاب
        مكتبة القاهرة الكبرى مكتبة القاهرة الكبرى 03/26/2014   ط\362.3\ ع ا 99341 03/26/2014 03/26/2014 كتاب
        مكتبة القاهرة الكبرى مكتبة القاهرة الكبرى 03/26/2014   ط\362.3\ ع ا 99342 03/26/2014 03/26/2014 كتاب

Powered By

EGPV